[Event "Let's Play Chess!"]
[Site "http://www.queenalice.com/game.php?id=1808204"]
[Date "2023.3.21"]
[Round "-"]
[White "igor12345"]
[Black "mArViNh"]
[Result "1-0"]
[WhiteElo "2058"]
[BlackElo "1755"]

1. e4 c5 2. Nf3 Nc6 3. d4 cxd4 4. Nxd4 e5 5. Nf3 Nf6 6. Bg5 Be7 7. Nbd2 O-O 8.
a3 d6 9. c4 Be6 10. b3 h6 11. Bh4 Bg4 12. Be2 Qc7 13. Bxf6 Bxf6 14. h3 Be6 15.
Rc1 a5 16. O-O b6 17. Nh2 Nd4 18. Bd3 Qb7 19. Nhf3 Nxf3+ 20. Nxf3 g5 21. Nh2
Rad8 22. Qf3 Bg7 23. Ng4 Qd7 24. Nf6+ 1-0

[Event "Let's Play Chess!"]
[Site "http://www.queenalice.com/game.php?id=1811676"]
[Date "2023.5.13"]
[Round "-"]
[White "igor12345"]
[Black "mArViNh"]
[Result "1-0"]
[WhiteElo "2032"]
[BlackElo "1751"]

1. e4 c5 2. Nf3 e6 3. d4 cxd4 4. Nxd4 a6 5. Bc4 d6 6. O-O Nf6 7. Nc3 Be7 8. a3
O-O 9. f4 Nc6 10. Bb3 Qb6 11. Be3 d5 12. exd5 exd5 13. Re1 Bg4 14. Nf3 Bc5 15.
Qd3 Bxf3 16. gxf3 Bxe3+ 17. Rxe3 1-0

[Event "AUTO-OPEN-3910"]
[Site "http://www.queenalice.com/game.php?id=1826320"]
[Date "2023.11.30"]
[Round "3"]
[White "MarcosT"]
[Black "mArViNh"]
[Result "1-0"]
[WhiteElo "2112"]
[BlackElo "1765"]

1. e4 a6 2. Nf3 c5 3. c3 e6 4. Bc4 d6 5. O-O Nf6 6. d3 Be7 7. Re1 Nc6 8. Nbd2
O-O 9. Bb3 b5 10. Bc2 a5 11. d4 cxd4 12. cxd4 Qc7 13. e5 dxe5 14. dxe5 Nd5 15.
Ng5 Bxg5 16. Ne4 Be7 17. Qd3 1-0

[Event "AUTO-OPEN-3910"]
[Site "http://www.queenalice.com/game.php?id=1826321"]
[Date "2023.11.30"]
[Round "3"]
[White "mArViNh"]
[Black "MarcosT"]
[Result "0-1"]
[WhiteElo "1767"]
[BlackElo "2110"]

1. d4 d5 2. c4 c6 3. e3 e6 4. Nc3 f5 5. Nf3 Nf6 6. Bd3 Bd6 7. O-O O-O 8. cxd5
cxd5 9. Qb3 Ne4 10. Ne5 Qf6 11. f4 Nc6 12. Nxe4 fxe4 13. Be2 Na5 14. Qb5 b6 15.
b4 Nc4 16. Bxc4 dxc4 17. Qxc4 Kh8 0-1

[Event "AUTO-OPEN-3910"]
[Site "http://www.queenalice.com/game.php?id=1826322"]
[Date "2023.11.30"]
[Round "3"]
[White "clovis"]
[Black "mArViNh"]
[Result "1-0"]
[WhiteElo "2019"]
[BlackElo "1757"]

1. e4 e5 2. Nf3 Nc6 3. Bc4 h6 4. O-O Nf6 5. Nc3 Be7 6. d4 exd4 7. Nxd4 Nxd4 8.
Qxd4 O-O 9. e5 c5 10. Qd3 Ne8 11. f4 Nc7 12. f5 d5 13. Nxd5 Nxd5 14. Qxd5 Qb6
15. f6 Be6 16. fxe7 Bxd5 17. exf8=Q+ 1-0

[Event "AUTO-OPEN-3910"]
[Site "http://www.queenalice.com/game.php?id=1826323"]
[Date "2023.11.30"]
[Round "3"]
[White "mArViNh"]
[Black "clovis"]
[Result "0-1"]
[WhiteElo "1763"]
[BlackElo "2013"]

1. d4 d5 2. c4 c6 3. e3 e6 4. Nf3 Nf6 5. Nc3 Nbd7 6. Bd3 Bd6 7. cxd5 exd5 8. O-O
O-O 9. Re1 Re8 10. Qc2 Ne4 11. Nxe4 dxe4 12. Bxe4 Nf6 13. Bd3 Bg4 14. e4 Bxf3
15. gxf3 Nh5 16. Be3 Qh4 17. Kf1 Nf4 0-1

[Event "Let's Play Chess!"]
[Site "http://www.queenalice.com/game.php?id=1832063"]
[Date "2024.2.23"]
[Round "-"]
[White "mArViNh"]
[Black "igor12345"]
[Result "1-0"]
[WhiteElo "1700"]
[BlackElo "2030"]

1. d4 d5 2. c4 c6 3. e3 Nf6 4. Nf3 Bg4 5. Be2 e6 6. O-O Bd6 7. Nc3 a6 8. h3 Bxf3
9. Bxf3 dxc4 10. Qa4 b5 11. Qc2 Qc7 12. e4 Be7 13. Bd2 O-O 14. e5 Nd5 15. a3 Nd7
16. Be4 f5 17. Bf3 Qb6 18. Ne2 Rac8 19. a4 Ra8 20. b3 cxb3 21. Qxb3 Qb7 22. Nf4
Kf7 23. g4 N7b6 24. Nxd5 Nxd5 25. axb5 axb5 26. gxf5 exf5 27. Ra5 Rxa5 28. Bxa5
Ra8 29. Rc1 Rxa5 30. Rxc6 Ra3 31. Qxd5+ Kf8 32. Rf6+ gxf6 33. Qxb7 fxe5 34. Qxb5
exd4 35. Qb2 Rc3 36. Qb8+ Kf7 37. Bd5+ Kg6 38. Qe8+ Kf6 39. Qf7+ 1-0

[Event "Let's Play Chess!"]
[Site "http://www.queenalice.com/game.php?id=1832594"]
[Date "2024.3.1"]
[Round "-"]
[White "Rocio"]
[Black "mArViNh"]
[Result "1-0"]
[WhiteElo "1378"]
[BlackElo "1751"]

1. e4 e5 2. Nf3 Nc6 3. Bc4 h6 4. a3 Nf6 5. d3 d6 6. h3 Bd7 7. Be3 Na5 8. Nbd2
Nxc4 9. Nxc4 Be7 10. O-O Bb5 11. Na5 b6 12. Nb7 Qb8 13. Nxd6+ cxd6 14. c4 Bd7
15. Rc1 O-O 16. Nh4 Nxe4 17. dxe4 1-0

[Event "Let's Play Chess!"]
[Site "http://www.queenalice.com/game.php?id=1834354"]
[Date "2024.4.1"]
[Round "-"]
[White "Mlintz"]
[Black "mArViNh"]
[Result "1-0"]
[WhiteElo "1970"]
[BlackElo "1705"]

1. e4 c5 2. Nc3 e6 3. Bc4 d6 4. Nf3 Nf6 5. d4 cxd4 6. Nxd4 Be7 7. Bb5+ Bd7 8.
O-O Bxb5 9. Ndxb5 a6 10. Nd4 Qc7 11. Nf3 O-O 12. Re1 h6 13. Qe2 Nc6 14. Rd1 Rad8
15. a3 1-0

[Event "Let's Play Chess!"]
[Site "http://www.queenalice.com/game.php?id=1834403"]
[Date "2024.4.1"]
[Round "-"]
[White "mArViNh"]
[Black "Charles56"]
[Result "0-1"]
[WhiteElo "1721"]
[BlackElo "1718"]

1. d4 d5 2. c4 dxc4 3. e3 b5 4. a4 c6 5. axb5 cxb5 6. Qf3 Nf6 7. Qxa8 Qc7 8.
Rxa7 Qd6 9. Ra1 e6 10. Qa5 Bd7 0-1

[Event "Let's Play Chess!"]
[Site "http://www.queenalice.com/game.php?id=1842331"]
[Date "2024.9.9"]
[Round "-"]
[White "mArViNh"]
[Black "Scar"]
[Result "0-1"]
[WhiteElo "1729"]
[BlackElo "1712"]

1. d4 d5 2. c4 dxc4 3. e3 b5 4. a4 Bd7 5. Qf3 Bc6 6. Qe2 a6 7. axb5 axb5 8. Rxa8
Bxa8 9. Nc3 Qd7 10. Nf3 f6 11. e4 e6 12. g3 Be7 13. Bg2 c6 0-1

[Event "Let's Play Chess!"]
[Site "http://www.queenalice.com/game.php?id=1843398"]
[Date "2024.9.9"]
[Round "-"]
[White "Charlie"]
[Black "mArViNh"]
[Result "1-0"]
[WhiteElo "1927"]
[BlackElo "1712"]

1. e4 c5 2. Nf3 e6 3. c3 d6 4. d4 cxd4 5. cxd4 Nc6 6. Bb5 Qa5+ 7. Nc3 a6 8.
Bxc6+ bxc6 9. O-O Nf6 10. Bd2 Qc7 11. e5 dxe5 12. Nxe5 Be7 13. Rc1 O-O 14. Na4
Bb7 15. Qf3 Rad8 16. Nxc6 Bd6 17. Nxd8 Bxf3 18. Rxc7 Bxc7 19. Nxe6 fxe6 20. gxf3
Nd5 21. Nc5 Rxf3 22. Nxe6 Bd6 23. Kg2 Rd3 24. Bg5 1-0